000 00623nam a2200229Ia 4500
005 20260429112026.0
008 260429s9999||||xx |||||||||||||| ||und||
020 _a9781032598901
041 _aEnglish
082 _a006.312
_bWU
100 _aWu, Di
245 0 _aData mining with python :
_btheory, applications, and case studies /
_cDi Wu
250 _a1st ed.
260 _aBoca Raton :
_bCRC Press,
_c2024.
300 _axxiii, 390 p.; pbk
440 _aThe python series
650 _a Artificial intelligence
650 _a Data mining
650 _a Python
650 _aComputer science
942 _cTB
999 _c51954
_d51954